<?xml version="1.0" encoding="UTF-8"?>
<record
    xmlns:xsi="http://www.w3.org/2001/XMLSchema-instance"
    xsi:schemaLocation="http://www.loc.gov/MARC21/slim http://www.loc.gov/standards/marcxml/schema/MARC21slim.xsd"
    xmlns="http://www.loc.gov/MARC21/slim">

  <leader>02170nam a22002777a 4500</leader>
  <controlfield tag="005">20240522100455.0</controlfield>
  <controlfield tag="008">230929b           ||||| |||| 00| 0 eng d</controlfield>
  <datafield tag="020" ind1=" " ind2=" ">
    <subfield code="a">9789356381841</subfield>
  </datafield>
  <datafield tag="040" ind1=" " ind2=" ">
    <subfield code="c">AL</subfield>
  </datafield>
  <datafield tag="041" ind1=" " ind2=" ">
    <subfield code="a">hin</subfield>
  </datafield>
  <datafield tag="082" ind1=" " ind2=" ">
    <subfield code="2">23</subfield>
    <subfield code="a">H891.8</subfield>
    <subfield code="b">KANA</subfield>
  </datafield>
  <datafield tag="100" ind1=" " ind2=" ">
    <subfield code="a">Sarojni Kamsal</subfield>
    <subfield code="9">166557</subfield>
  </datafield>
  <datafield tag="100" ind1=" " ind2=" ">
    <subfield code="9">135921</subfield>
    <subfield code="d">&#x938;&#x930;&#x94B;&#x91C;&#x928;&#x940; &#x915;&#x902;&#x938;&#x932; </subfield>
  </datafield>
  <datafield tag="245" ind1=" " ind2=" ">
    <subfield code="a">Anusandhan Vidhiyon Ka ek Samagra Adhyayan:</subfield>
    <subfield code="b">&#x905;&#x928;&#x941;&#x938;&#x902;&#x927;&#x93E;&#x928; &#x935;&#x93F;&#x927;&#x93F;&#x92F;&#x94B;&#x902; &#x915;&#x93E; &#x90F;&#x915; &#x938;&#x92E;&#x917;&#x94D;&#x930; &#x905;&#x927;&#x94D;&#x92F;&#x92F;&#x928; Vol 1</subfield>
  </datafield>
  <datafield tag="260" ind1=" " ind2=" ">
    <subfield code="a">Jaipur</subfield>
    <subfield code="b">Mark Publishers</subfield>
    <subfield code="c">2023</subfield>
  </datafield>
  <datafield tag="300" ind1=" " ind2=" ">
    <subfield code="a">vi,255p.</subfield>
    <subfield code="b">HB</subfield>
    <subfield code="c">24x16cm.</subfield>
  </datafield>
  <datafield tag="365" ind1=" " ind2=" ">
    <subfield code="2">Hindi</subfield>
    <subfield code="a">1526 A/P/2020</subfield>
    <subfield code="b">1715.00</subfield>
    <subfield code="c">&#x20B9;</subfield>
    <subfield code="d">2450.00</subfield>
    <subfield code="e">30%</subfield>
    <subfield code="f">11-09-2023</subfield>
  </datafield>
  <datafield tag="440" ind1=" " ind2=" ">
    <subfield code="n">Vol1</subfield>
    <subfield code="9">135665</subfield>
  </datafield>
  <datafield tag="520" ind1=" " ind2=" ">
    <subfield code="a">&#x936;&#x94B;&#x927; &#x915;&#x93E;&#x930;&#x94D;&#x92F; &#x92E;&#x947;&#x902; &#x913;&#x92A;&#x94B;&#x930;&#x947;&#x91F;&#x93F;&#x902;&#x917; &#x938;&#x93F;&#x938;&#x94D;&#x91F;&#x92E; 
&#x936;&#x94B;&#x927; &#x915;&#x93E;&#x930;&#x94D;&#x92F; &#x92E;&#x947;&#x902; &#x92B;&#x93E;&#x907;&#x932; &#x915;&#x93E; &#x92A;&#x94D;&#x930;&#x92C;&#x902;&#x927; 
&#x936;&#x94B;&#x927; &#x915;&#x93E;&#x930;&#x94D;&#x92F; &#x92E;&#x947;&#x902; &#x921;&#x947;&#x91F;&#x93E;&#x92C;&#x947;&#x938; &#x92B;&#x93E;&#x907;&#x932; &#x915;&#x93E; &#x92A;&#x94D;&#x930;&#x92C;&#x902;&#x927;&#x928; 
&#x936;&#x94B;&#x927; &#x915;&#x93E;&#x930;&#x94D;&#x92F; &#x92E;&#x947;&#x902; &#x92E;&#x93E;&#x907;&#x915;&#x94D;&#x930;&#x94B;&#x938;&#x949;&#x92B;&#x94D;&#x91F; &#x90F;&#x915;&#x94D;&#x938;&#x947;&#x932; 
&#x936;&#x94B;&#x927; &#x915;&#x93E;&#x930;&#x94D;&#x92F; &#x92E;&#x947;&#x902; &#x930;&#x93F;&#x92A;&#x94B;&#x930;&#x94D;&#x91F; &#x915;&#x93E; &#x928;&#x93F;&#x930;&#x94D;&#x92E;&#x93E;&#x923; 
&#x936;&#x94B;&#x927; &#x915;&#x93E;&#x930;&#x94D;&#x92F; &#x92E;&#x947;&#x902; &#x928;&#x947;&#x91F;&#x935;&#x930;&#x94D;&#x915;&#x93F;&#x902;&#x917; 
&#x936;&#x94B;&#x927; &#x915;&#x93E;&#x930;&#x94D;&#x92F; &#x92E;&#x947;&#x902; &#x907;&#x902;&#x91F;&#x930;&#x928;&#x947;&#x91F; &#x915;&#x93E; &#x907;&#x902;&#x938;&#x94D;&#x91F;&#x93E;&#x932;&#x947;&#x936;&#x928; 
&#x936;&#x94B;&#x927; &#x915;&#x93E;&#x930;&#x94D;&#x92F; &#x92E;&#x947;&#x902; &#x907;&#x902;&#x91F;&#x930;&#x928;&#x947;&#x91F; &#x91F;&#x942;&#x932;&#x94D;&#x938; 
&#x936;&#x94B;&#x927; &#x915;&#x93E;&#x930;&#x94D;&#x92F; &#x92E;&#x947;&#x902; &#x908;&#x92E;&#x947;&#x932; &#x915;&#x93E; &#x92A;&#x94D;&#x930;&#x92F;&#x94B;&#x917; 
&#x936;&#x94B;&#x927; &#x915;&#x93E;&#x930;&#x94D;&#x92F; &#x92E;&#x947;&#x902; &#x907;&#x902;&#x91F;&#x930;&#x928;&#x947;&#x91F; &#x915;&#x940; &#x938;&#x94D;&#x92A;&#x940;&#x921; &#x928;&#x93F;&#x92F;&#x902;&#x924;&#x94D;&#x930;&#x923;
&#x936;&#x94B;&#x927; &#x915;&#x93E;&#x930;&#x94D;&#x92F; &#x92E;&#x947;&#x902;  &#x939;&#x948;&#x915;&#x93F;&#x902;&#x917; &#x938;&#x947; &#x938;&#x941;&#x930;&#x915;&#x94D;&#x937;&#x93E; &#x915;&#x947; &#x909;&#x92A;&#x93E;&#x92F; </subfield>
  </datafield>
  <datafield tag="650" ind1=" " ind2=" ">
    <subfield code="a">Research Methodology: &#x936;&#x94B;&#x927; &#x915;&#x93E;&#x930;&#x94D;&#x92F; </subfield>
    <subfield code="9">135659</subfield>
  </datafield>
  <datafield tag="650" ind1=" " ind2=" ">
    <subfield code="a">Report Nirman: &#x930;&#x93F;&#x92A;&#x94B;&#x930;&#x94D;&#x91F; &#x915;&#x93E; &#x928;&#x93F;&#x930;&#x94D;&#x92E;&#x93E;&#x923; </subfield>
    <subfield code="9">135660</subfield>
  </datafield>
  <datafield tag="650" ind1=" " ind2=" ">
    <subfield code="a">Research Networking: &#x928;&#x947;&#x91F;&#x935;&#x930;&#x94D;&#x915;&#x93F;&#x902;&#x917; </subfield>
    <subfield code="9">135661</subfield>
  </datafield>
  <datafield tag="650" ind1=" " ind2=" ">
    <subfield code="a">Shodh karya Mein File ka Prabandhan: &#x936;&#x94B;&#x927; &#x915;&#x93E;&#x930;&#x94D;&#x92F; &#x92E;&#x947;&#x902; &#x92B;&#x93E;&#x907;&#x932; &#x915;&#x93E; &#x92A;&#x94D;&#x930;&#x92C;&#x902;&#x927;&#x928; </subfield>
    <subfield code="9">135662</subfield>
  </datafield>
  <datafield tag="700" ind1=" " ind2=" ">
    <subfield code="a">KANSAL (Sarojni):  &#x915;&#x902;&#x938;&#x932; (&#x938;&#x930;&#x94B;&#x91C;&#x928;&#x940;) </subfield>
    <subfield code="9">135663</subfield>
  </datafield>
  <datafield tag="942" ind1=" " ind2=" ">
    <subfield code="2">ddc</subfield>
    <subfield code="c">BK</subfield>
  </datafield>
  <datafield tag="999" ind1=" " ind2=" ">
    <subfield code="c">228902</subfield>
    <subfield code="d">228902</subfield>
  </datafield>
  <datafield tag="952" ind1=" " ind2=" ">
    <subfield code="0">0</subfield>
    <subfield code="1">0</subfield>
    <subfield code="2">ddc</subfield>
    <subfield code="4">0</subfield>
    <subfield code="7">3</subfield>
    <subfield code="8">HIN</subfield>
    <subfield code="a">AL</subfield>
    <subfield code="b">AL</subfield>
    <subfield code="d">2023-09-27</subfield>
    <subfield code="e">Alka Prakashan, Kanpur-208007</subfield>
    <subfield code="g">1715.00</subfield>
    <subfield code="l">0</subfield>
    <subfield code="o">H891.8 KANA</subfield>
    <subfield code="p">076833</subfield>
    <subfield code="r">2024-05-22 00:00:00</subfield>
    <subfield code="v">2450.00</subfield>
    <subfield code="w">2023-09-29</subfield>
    <subfield code="y">BK</subfield>
  </datafield>
</record>
